LEADER 01419nam a2200265 i 4500 001 000000008307 003 CaOOAMICUS 005 20230123122148.0 008 180830s2002 it u000 u ita u 040 $aSeMil$bita 100 1 $aBiraghi, Luigi,$c.$0(OLS)http://semarc/name/4214 245 10$aLettere alle sue figlie spirituali /$cLuigi Biraghi ; a cura di Giuseppina Parma ; introduzione di Massimo Marcocchi. 264 1$aBrescia :$bQueriniana 300 $a4 v. ;$c21 cm. 650 4$aOrdini religiosi - Sec. 19.$0(OLS)http://semarc/subject/53323 650 4$aBiraghi, Luigi - Lettere e carteggi.$0(OLS)http://semarc/subject/1327 700 1 $aMarcocchi, Massimo.$0(OLS)http://semarc/name/7824 700 1 $aParma, Giuseppina.$0(OLS)http://semarc/name/18432 774 0 $aBiraghi, Luigi $t1: 1837-1842.$dBrescia : Queriniana, 2002.$z88-399-2378-0$w()111240 774 0 $aBiraghi, Luigi $t2: 1843-1849.$dBrescia : Queriniana, 2003.$z88-399-2384-5$w()124143 774 0 $aBiraghi, Luigi $t3: 1850-1874-79.$dBrescia : Queriniana, 2005.$z88-399-2392-6$w()140281 774 0 $tIndici.$dBrescia : Queriniana, [2005?]$w()140277 996 $6245$aLettere alle sue figlie spirituali$9(OLS)http://semarc/title/11046 996 $6264$aBrescia :$bQueriniana$9(OLS)http://semarc/publisher/29615 LEADER 01162nam a2200229 i 4500 001 000000091336 003 CaOOAMICUS 005 20180116000000.0 008 180116s1992 it u000 u ita u 013 $a63578 040 $aSeMil$bita 100 1 $aMerloni, Clelia .$0(OLS)http://semarc/name/92403 245 10$aAntologia spirituale :$belementi della spiritualitą di Madre Clelia Merloni, fondatrice delle Apostole del Sacro Cuore di Gesł /$ca cura di Suor Pierpaula De Farias. 260 $aRoma :$bCasa Generalizia,$c1992. 300 $aXVI, 364 p., [1] c. di tav. :$britr. ;$c16 cm. 600 14$aMerloni, Clelia .$0(OLS)http://semarc/subject/45390 700 1 $aDe Farias, Pierpaula .$0(OLS)http://semarc/name/92404 850 $aSeMil 852 $aSeMil$W1$xVenegono$y1$m3G I 80$j54285$B54285$CSeMilBibl$Z2$F58937 $81 961 $aOmaggio: Delpini mons. Mario 996 $6245$aAntologia spirituale :$belementi della spiritualitą di Madre Clelia Merloni, fondatrice delle Apostole del Sacro Cuore di Gesł$9(OLS)http://semarc/title/406085 996 $6260$aRoma :$bCasa Generalizia$9(OLS)http://semarc/publisher/39769